书目信息 |
| 题名: |
2009中国最佳杂文
|
|
| 作者: | 王乾荣 主编 | |
| 分册: | ||
| 出版信息: | 沈阳 辽宁人民出版社 2010.01 |
|
| 页数: | 328页 | |
| 开本: | 24cm | |
| 丛书名: | 太阳鸟文学年选 | |
| 单 册: | ||
| 中图分类: | I267.1 | |
| 科图分类: | ||
| 主题词: | 杂文--za wen--中国--当代--作品集 | |
| 电子资源: | ||
| ISBN: | 978-7-205-06686-4 | |
| 000 | 00971nam 2200265 450 | |
| 001 | 012010554796 | |
| 005 | 20100419084913.54 | |
| 010 | @a978-7-205-06686-4@dCNY35.00 | |
| 100 | @a20100415d2010 em y0chiy0120 ea | |
| 101 | 0 | @achi |
| 102 | @aCN@b210000 | |
| 105 | @ay z 000cy | |
| 106 | @ar | |
| 200 | 1 | @a2009中国最佳杂文@A2009 zhong guo zui jia za wen@f王乾荣主编@Ffen juan zhu bian wang qian rong |
| 210 | @a沈阳@c辽宁人民出版社@d2010.01 | |
| 215 | @a328页@d24cm | |
| 225 | 2 | @a太阳鸟文学年选@Atai yang niao wen xue nian xuan |
| 330 | @a本书主要内容包括“遍读”之难、仰视很“哲学”的领导、信息公开了、简历人生、“眼睛雪亮”与“不明真相”、上帝的亲笔信、历史真的只有那么点事儿等。 | |
| 410 | 0 | @12001 @a太阳鸟文学年选 |
| 517 | 1 | @a中国最佳杂文@Azhong guo zui jia za wen |
| 606 | 0 | @a杂文@Aza wen@y中国@z当代@j作品集 |
| 690 | @aI267.1@v4 | |
| 701 | 0 | @a王乾荣@Awang qian rong@4主编 |
| 801 | 0 | @aCN@bQSSK@c20100419 |
| 905 | @b778141-43@dI267.1@eW315@f3 | |
| 2009中国最佳杂文/王乾荣主编.-沈阳:辽宁人民出版社,2010.01 |
| 328页;24cm.-(太阳鸟文学年选) |
| ISBN 978-7-205-06686-4:CNY35.00 |
| 本书主要内容包括“遍读”之难、仰视很“哲学”的领导、信息公开了、简历人生、“眼睛雪亮”与“不明真相”、上帝的亲笔信、历史真的只有那么点事儿等。 |
| ● |
| 相关链接 |
|
|
|
正题名:2009中国最佳杂文
索取号:I267.1/W315
 
预约/预借
| 序号 | 登录号 | 条形码 | 馆藏地/架位号 | 状态 | 备注 |
| 1 | 778141 | 207781417 | 社科二线422/422社科库 50排6列5层/ [索取号:I267.1/W315] | 在馆 | |
| 2 | 778142 | 207781426 | 文学库116/116文学库 10排6列3层/ [索取号:I267.1/W315] | 在馆 | |
| 3 | 778143 | 207781435 | 文学库116/116文学库 10排6列3层/ [索取号:I267.1/W315] | 在馆 |